[Event "Port of Spain op 44th"]
[Site "Port of Spain"]
[Date "2017.04.27"]
[Round "2"]
[White "Hunte, Keelan"]
[Black "Portell, Gerard"]
[Result "1-0"]
[WhiteElo "1658"]
[BlackElo "1504"]
[PlyCount "61"]
[EventDate "2017.04.20"]
[EventType "swiss"]
[EventRounds "7"]
[EventCountry "TRI"]
[SourceTitle "EXT 2018"]
[Source "ChessBase"]
[SourceDate "2017.10.13"]
[SourceVersion "1"]
[SourceVersionDate "2017.10.13"]
[SourceQuality "1"]

1. e4 e6 2. Nf3 Nc6 3. Bb5 a6 4. Ba4 Nf6 5. Nc3 Bc5 6. d4 Be7 7. 0-0 0-0 8. e5 Ne8 9. Ne4 b5 10. Bb3 Na5 11. Qd3 Nxb3 12. cxb3 d5 13. Neg5 g6 14. Qe3 Ng7 15. g4 f5 16. exf6 Bxf6 17. Nh3 Re8 18. Qh6 Re7 19. g5 Nf5 20. gxf6 Nxh6 21. fxe7 Qxe7 22. Bxh6 e5 23. Nhg5 Bg4 24. Nxe5 Qf6 25. Nxg4 Qxd4 26. h3 c5 27. Ne6 Qxb2 28. Nxc5 a5 29. Ne6 d4 30. Bg7 d3 31. Nh6# 1-0

[Event "Port of Spain op 44th"]
[Site "Port of Spain"]
[Date "2017.04.20"]
[Round "1"]
[White "Cupid, Kevin"]
[Black "Hunte, Keelan"]
[Result "1-0"]
[WhiteElo "2147"]
[BlackElo "1658"]
[PlyCount "93"]
[EventDate "2017.04.20"]
[EventType "swiss"]
[EventRounds "7"]
[EventCountry "TRI"]
[SourceTitle "EXT 2018"]
[Source "ChessBase"]
[SourceDate "2017.10.13"]
[SourceVersion "1"]
[SourceVersionDate "2017.10.13"]
[SourceQuality "1"]

1. Nf3 Nf6 2. g3 g6 3. Bg2 Bg7 4. d4 d5 5. c4 Bf5 6. 0-0 0-0 7. Qb3 b6 8. Nc3 dxc4 9. Qxc4 Be6 10. Qd3 Nd5 11. Ne5 c6 12. Nxd5 cxd5 13. Rd1 f6 14. Nf3 Bf5 15. Qc3 Qc8 16. Qa3 Nc6 17. Bd2 Qe6 18. Rac1 Rfc8 19. Rc3 Bf8 20. Rdc1 Nd8 21. Rxc8 Rxc8 22. Rxc8 Qxc8 23. Qxa7 Qb7 24. Qa4 Bd7 25. Qb3 e6 26. Bb4 Bg7 27. e3 Qc6 28. Bd2 Nb7 29. Bf1 b5 30. Bb4 Bf8 31. Ne1 Bxb4 32. Qxb4 Nd6 33. Nd3 Kf7 34. Nc5 Be8 35. Qa5 Nc8 36. Qd8 Ne7 37. b3 Qc8 38. Qb6 Qc6 39. Qa7 h5 40. a4 bxa4 41. b4 Qd6 42. b5 f5 43. b6 Kf6 44. Qa8 Bf7 45. Qh8+ Kg5 46. f4+ Kg4 47. Kg2 1-0